00703cam a2200229 a 4500001000800000005001700008008004100025010001700066040001800083041000800101043002100109080001400130082001800144100000700162101000800169245004900177504006000226906004500286942001200331999001700343952011300360203123620180917034335.0920331s1992 nyua b 001 0deng  a 92014399  aDLCcDLCdDLC aeng an-us---an-us-dc a975.3 CAR00a975.3 CAR2201 a16 aHIS10aInside the White House :cBetty Boyd Caroli. aIncludes bibliographical references (p. 217) and index. a7bcbccorignewd1eocipf19gy-gencatlg 2ddccBK c47830d47830 00102udc40708PËKGa002b002cPËKGd2018-09-17l0o975.3 CARp002-3012990r2018-09-17w2018-09-17yBK